[Event "Qatar Masters"]
[Site "Doha QAT"]
[Date "2014.11.30"]
[EventDate "2014.11.26"]
[Round "5.63"]
[Result "1-0"]
[White "Arkadij Naiditsch"]
[Black "Wang Jue"]
[WhiteElo "2719"]
[BlackElo "2353"]
[PlyCount "175"]

1. e4 c5 2. Nf3 e6 3. d4 cxd4 4. Nxd4 Nc6 5. Nb5 d6 6. c4 Nf6
7. N1c3 a6 8. Na3 Be7 9. Be2 O-O 10. O-O b6 11. Be3 Bb7
12. Qb3 Nd7 13. Rad1 Nc5 14. Qc2 Bf6 15. Nab1 Qe7 16. a3 a5
17. Nb5 Rfd8 18. N1c3 g6 19. b3 Rd7 20. Rd2 Qd8 21. Rfd1 Be7
22. Bf4 e5 23. Be3 a4 24. b4 Nb3 25. Rd3 Ncd4 26. Bxd4 exd4
27. Nxa4 Rxa4 28. Qxb3 Qa8 29. Bf3 Bf6 30. Re1 Be5 31. g3 Bc6
32. Bg2 Bxb5 33. cxb5 Rda7 34. Ra1 Qe8 35. f4 Bf6 36. Qc4 Qd8
37. Bf3 Rc7 38. Qb3 Raa7 39. Rad1 Qc8 40. Qd5 Rc3 41. Qxd6
Raxa3 42. Rxc3 Qxc3 43. Rf1 Qe3+ 44. Kg2 Ra2+ 45. Kh3 Qd2
46. Rh1 Qf2 47. Qb8+ Kg7 48. e5 Bg5 49. Qb7 Ra3 50. e6 Rxf3
51. Qxf7+ Kh6 52. fxg5+ Kxg5 53. Qc7 Qe2 54. Qc1+ Qe3 55. e7
Qxc1 56. Rxc1 Re3 57. Rc7 Kf6 58. Rd7 Kf7 59. Rxd4 Kxe7
60. Rc4 Re5 61. Rc7+ Kf6 62. Rc6+ Kf5 63. Rxb6 Re4 64. Rc6
Rxb4 65. Rc5+ Ke6 66. g4 Kd6 67. Rc6+ Kd7 68. Rb6 Kc7 69. Rc6+
Kd7 70. Rc5 Kd6 71. Rg5 Rb3+ 72. Kg2 Rb2+ 73. Kg3 Rb3+ 74. Kf4
Rh3 75. b6 Rb3 76. Ra5 Rxb6 77. Kg5 Rb2 78. h4 Ke6 79. Kh6 Rh2
80. h5 gxh5 81. g5 h4 82. Kxh7 Rg2 83. g6 Kf6 84. Ra6+ Kf5
85. g7 h3 86. Ra5+ Kf4 87. Ra4+ Kf3 88. Ra3+ 1-0

[Event "Qatar Masters"]
[Site "Doha QAT"]
[Date "2014.12.01"]
[EventDate "2014.11.26"]
[Round "6.52"]
[Result "0-1"]
[White "Wei Ming Kevin Goh"]
[Black "Arkadij Naiditsch"]
[WhiteElo "2442"]
[BlackElo "2719"]
[PlyCount "42"]

1. e4 e5 2. Nf3 Nc6 3. Bc4 Nf6 4. d3 Be7 5. Bb3 O-O 6. O-O d6
7. c3 Kh8 8. Ng5 d5 9. f4 h6 10. exd5 Bc5+ 11. Kh1 hxg5
12. dxc6 exf4 13. d4 Bd6 14. g3 Qe8 15. gxf4 Bg4 16. Qd3 Be2
17. Qh3+ Kg8 18. fxg5 Qe4+ 19. Kg1 Bxf1 20. Kxf1 Qh1+ 21. Ke2
Rae8+ 0-1

[Event "Qatar Masters"]
[Site "Doha QAT"]
[Date "2014.12.02"]
[EventDate "2014.11.26"]
[Round "7.31"]
[Result "1/2-1/2"]
[White "Bogdan Belyakov"]
[Black "Arkadij Naiditsch"]
[WhiteElo "2456"]
[BlackElo "2719"]
[PlyCount "136"]

1. e4 c5 2. c3 d6 3. d4 Nf6 4. f3 Nbd7 5. Bc4 e6 6. Ne2 d5
7. exd5 exd5 8. Bb3 Bd6 9. Bf4 Bxf4 10. Nxf4 O-O 11. O-O c4
12. Bc2 Re8 13. Nd2 Qb6 14. Rb1 Nf8 15. Re1 Bd7 16. Nf1 Ng6
17. Nxg6 hxg6 18. Ng3 Qa6 19. Rxe8+ Rxe8 20. a3 Re6 21. Rc1
Qb6 22. Rb1 Qd8 23. Qd2 Rb6 24. Ne2 Ne8 25. Nf4 Nc7 26. b4
cxb3 27. Rxb3 Bb5 28. a4 Bc4 29. Rxb6 axb6 30. Qe1 Qd6 31. Qe5
Qxe5 32. dxe5 g5 33. Nh3 Ne6 34. Kf2 g6 35. Ke3 Bf1 36. Kf2
Bc4 37. g3 b5 38. axb5 Bxb5 39. f4 gxf4 40. Nxf4 Nc7 41. Bb3
Bc6 42. Ke3 Kg7 43. h4 Kh6 44. Nh3 Kg7 45. Ng5 f6 46. exf6+
Kxf6 47. Nf3 Nb5 48. Kd3 Kf5 49. Bd1 Nd6 50. Nd4+ Ke5 51. Bf3
Bd7 52. Ke3 Nc4+ 53. Kf2 b5 54. Ne2 Nd2 55. Ke3 Nc4+ 56. Kf2
Nd6 57. Nf4 Ne4+ 58. Bxe4 Kxe4 59. Ke2 Bf5 60. Kd2 Kf3 61. h5
g5 62. Nxd5 Kxg3 63. Nc7 Kh4 64. Nxb5 Kxh5 65. Ke3 g4 66. Kf2
Kh4 67. Nd6 Bd3 68. c4 Bxc4 1/2-1/2

[Event "Qatar Masters"]
[Site "Doha QAT"]
[Date "2014.12.04"]
[EventDate "2014.11.26"]
[Round "9.21"]
[Result "0-1"]
[White "Arkadij Naiditsch"]
[Black "Kamil Miton"]
[WhiteElo "2719"]
[BlackElo "2601"]
[PlyCount "100"]

1. e4 c5 2. Nf3 Nc6 3. Bb5 d6 4. d4 cxd4 5. Qxd4 Bd7 6. Qd3 g6
7. O-O Bg7 8. c4 Nf6 9. Nc3 O-O 10. Bf4 Bg4 11. Nd2 Nh5
12. Be3 Ne5 13. Qb1 a6 14. Ba4 Be6 15. Nd5 Bxd5 16. cxd5 Ng4
17. Bg5 h6 18. Bh4 Ne5 19. Bd1 Nf4 20. Bg3 g5 21. a4 Rc8
22. Ra3 Qa5 23. b4 Qb6 24. Rb3 Rc7 25. Nf3 Neg6 26. Ne1 Rfc8
27. Nc2 Ne2+ 28. Bxe2 Rxc2 29. Bh5 Qd4 30. Bg4 R8c4 31. Bf5
Qd2 32. Qe1 Qxe1 33. Rxe1 Bc3 34. Rf1 Rxb4 35. e5 Rxb3
36. Bxc2 Rb2 37. Bxg6 fxg6 38. exd6 exd6 39. Rc1 Bb4 40. Rc8+
Kf7 41. Kf1 Bc5 42. Rc7+ Kf6 43. Rd7 Rd2 44. Rxb7 Rxd5 45. Rb2
Rd1+ 46. Ke2 Ra1 47. Rb8 Rxa4 48. Rf8+ Ke7 49. Rg8 h5 50. f4
gxf4 0-1

[Event "Zurich Christmas Open"]
[Site "Zurich SUI"]
[Date "2014.12.27"]
[EventDate "2014.12.26"]
[Round "2.1"]
[Result "0-1"]
[White "Benedict Hasenohr"]
[Black "Arkadij Naiditsch"]
[WhiteElo "2291"]
[BlackElo "2731"]
[PlyCount "50"]

1. d4 e6 2. c4 c5 3. d5 exd5 4. cxd5 d6 5. Nc3 a6 6. a4 g6
7. e4 Bg7 8. f3 Nd7 9. Nh3 Ne7 10. Be2 Bd4 11. Nf2 f5 12. O-O
Ne5 13. Kh1 O-O 14. Bh6 Re8 15. Qd2 Nf7 16. Bf4 Bd7 17. Rab1
Bg7 18. b4 cxb4 19. Rxb4 Qa5 20. Rfb1 Bxc3 21. Qxc3 Nxd5
22. exd5 Rxe2 23. Qc4 Rxf2 24. Be3 b5 25. Qh4 Re2 0-1